Loreto (Record no. 4047)

MARC details
000 -CABECERA
campo de control de longitud fija 00783nam a2200241 a 4500
001 - NÚMERO DE CONTROL
campo de control BRCA_4336
005 - FECHA Y HORA DE LA ÚLTIMA TRANSACCIÓN
campo de control 20190320204630.0
008 - DATOS DE LONGITUD FIJA--INFORMACIÓN GENERAL
campo de control de longitud fija 011208s1957----mx-a---###---#000-0#spa-#
041 ## - CÓDIGO DE LENGUA
Código de lengua del texto/banda sonora o título independiente spa
044 ## - CÓDIGO DEL PAÍS DE LA ENTIDAD EDITORA/PRODUCTORA
Código MARC del país mx
050 #4 - SIGNATURA TOPOGRÁFICA DE LA BIBLIOTECA DEL CONGRESO
Número de clasificación TS1096.M4
Número de documento/Ítem .L67 2
-- 1957
245 10 - MENCIÓN DE TÍTULO
Título Loreto
Resto del título historia y evolución de una fábrica de papel.
260 ## - PUBLICACIÓN, DISTRIBUCIÓN, ETC.
Lugar de publicación, distribución, etc. México
Nombre del editor, distribuidor, etc. Fábricas de Papel Loreto y Peña Pobre
Fecha de publicación, distribución, etc. 1957
300 ## - DESCRIPCIÓN FÍSICA
Extensión 123 p.
Otras características físicas il. (algunas a color), retratos, mapas
Dimensiones 29 cm.
500 ## - NOTA GENERAL
Nota general Dedicatoria del autor al señor. Franz Mayer.
500 ## - NOTA GENERAL
Nota general Incluye índice de ilustraciones
500 ## - NOTA GENERAL
Nota general Ejemplar igual a A89
500 ## - NOTA GENERAL
Nota general X52
650 14 - PUNTO DE ACCESO ADICIONAL DE MATERIA--TÉRMINO DE MATERIA
Término de materia o nombre geográfico como elemento de entrada Papel
Subdivisión de forma Fabricación y comercio
9 (RLIN) 11104
710 2# - PUNTO DE ACCESO ADICIONAL--NOMBRE DE ENTIDAD CORPORATIVA
Nombre de entidad corporativa o nombre de jurisdicción como elemento de entrada Fábrica de Papel Loreto (San Angel, México)
9 (RLIN) 7477
902 ## - CATALOGADOR
Iniciales GFM
942 ## - ELEMENTOS DE PUNTO DE ACCESO ADICIONAL (KOHA)
Fuente del sistema de clasificación o colocación Library of Congress Classification
Tipo de ítem Koha Libros
Holdings
Estado de retiro Estado de pérdida Estado dañado No para préstamo Localización permanente Ubicación/localización actual Fecha de adquisición Número de inventario Total de préstamos Signatura topográfica completa Código de barras Fecha visto por última vez Precio válido a partir de Tipo de ítem Koha
El ejemplar forma parte de la colección y puede ser consultado según las políticas vigentes.       Biblioteca del Museo Franz Mayer (Rogerio Casas-Alatriste) Biblioteca del Museo Franz Mayer (Rogerio Casas-Alatriste) 08/07/2010 X52   TS1096.M4 .L67 2 1957 (X52) 4333 22/03/2019 22/03/2019 Libros